000 00666nam a2200205 i 4500
001 130764
003 ES-MaACL
005 20230906193833.0
007 t|
008 070807s1965 sp ||||1| spa d
100 1 _aZaydon, Thomas John.
_9118125
245 1 0 _aTratamiento precoz de los traumatismos de la cara /
_cpor Thomas John Zaydon y James Barret Brown ; versión de Jaime Planas Guasch.
250 _a1ª ed.
260 _aBarcelona :
_bJims,
_c[1965]
300 _aXX, 274 p. :
_bil. ;
_c25 cm.
650 1 4 _aCara-
_xCirugía.
_910771
700 1 _aBrown, James Barret.
_931999
700 1 _aPlanas Guasch, Jaime.
_992528
852 _aES-MaACL
_jC-28562
999 _c130764
_d130764